El sonido y la furia (recorte) /
Guardado en:
| Autor Principal: | |
|---|---|
| Formato: | Libro |
| Publicado: |
:
,
1991
|
| Series: | First N§ 6
|
| Materias: | |
| Etiquetas: |
Agregar Etiqueta
Sin Etiquetas, Sea el primero en etiquetar este registro!
|
| LEADER | 00442nam a22001815a 4500 | ||
|---|---|---|---|
| 001 | CEM.cems009176 | ||
| 005 | 20060214000000.0 | ||
| 008 | 130507s1991##################000#0#####d | ||
| 003 | CEMS | ||
| 082 | 0 | 4 | |a F920 |
| 100 | 1 | |a Villar Eduardo | |
| 245 | 1 | 0 | |a El sonido y la furia (recorte) / |
| 260 | |a : |b , |c 1991 | ||
| 300 | |a 10 p. | ||
| 490 | 0 | |a First N§ 6 | |
| 653 | |a Fc | ||
| 653 | |a Rock | ||
| 859 | |a CEMS |b BIB. CEMS - 11 de abril |h F920 |i 40 |p 1445.44 |t Ej.1 | ||
